| 000 | 01211nam a22002777a 4500 | ||
|---|---|---|---|
| 003 | OSt | ||
| 005 | 20221118143005.0 | ||
| 007 | cr ||||||a|c|a | ||
| 008 | 221118s2020 mx |db|fom||| 001 0 spa d | ||
| 040 | _erda | ||
| 100 | 1 |
_9132444 _aCruz Sánchez, Yadihra |
|
| 245 | 1 |
_aEstimación de emisiones de dióxido de carbono y almacén de carbono orgánico en usos de suelos forestales / _cpor Yadihra Cruz Sánchez; director de tesis Alejandro Ismael Monterroso Rivas |
|
| 264 |
_aChapingo, México : _bEl autor, _c2020. |
||
| 300 |
_a1 recurso en línea (74 páginas). _bcuadros, gráficas, mapas |
||
| 336 |
_2rdacontent _atexto _btxt |
||
| 337 |
_2rdamedia _acomputadora _bc |
||
| 338 |
_2rdacarrier _arecurso en línea _bcr |
||
| 502 |
_bMCCF _cDICIFO _d2020. _gMAE |
||
| 504 | _aIncluye referencias bibliográficas: páginas 35-39 | ||
| 650 | 2 |
_9131536 _aSecuestro de carbono |
|
| 650 | 2 |
_9129697 _aSuelos _xContenido de carbono |
|
| 650 | 2 |
_9132981 _aSuelos Forestales _xAnálisis |
|
| 700 | 0 |
_977837 _aMonterroso Rivas, Alejandro Ismael _eDirector de tesis |
|
| 856 |
_uhttp://10.13.5.2/tesis/tm/2020_FO_Cruz_Sanchez_Yadihra.pdf _zDESCARGAR PDF |
||
| 942 |
_2Clasificación Universidad Autónoma Chapingo _cTD |
||
| 999 |
_c217838 _d217838 |
||